Wander Over Yonder Characters - Statistics

General Stats
  • This quiz has been taken 7 times
  • The average score is 7 of 15
Answer Stats
Hint Answer % Correct
Main Character. Voiced by Jack McBrayer Wander
100%
Leader of a species whose planets have been constantly destroyed by the below. Voiced by Tara Strong Beeza
50%
Giant dog who constantly destroys the above's planets. Voiced by Nobody Buster
50%
Right-Hand to the above. Voiced by Tom Kenny Commander Peepers
50%
Best friend is a sock puppet. Voiced by Fred Tatasciore Destructor
50%
Pillow Stealer. Voiced by Weird Al Yankovic Dr. Screwball Jones
50%
Shark monarch. Voiced by Sam Riegel Emperor Awesome
50%
Main Villain of season 2. Voiced by Noel Wells Lord Dominator
50%
Main Villain. Voiced by Keith Ferguson Lord Hater
50%
Best friend of the above. Voiced by April Winchell Sylvia
50%
Living Planet. Voiced by Kari Wahlgren Janet
33%
King of the Binglebops. Voiced by Tom Kenny King Bingleborp
33%
The Most Adorable Bounty Hunter In The Galaxy. Voiced by G. Hannelius Little Bits
33%
Former partner of 2. Voiced by Will Arnett Ryder
33%
Good Watchdog. Voiced by Aziz Ansari Westley
33%
No matching quizzes found
Score Distribution
Percent of People with Each Score
Percentile by Number Answered
Your Score History
You have not taken this quiz